Implicaciones del aumento del IVA
Gardado en:
| Formato: | Texto |
|---|---|
| Materias: | |
| Etiquetas: |
Engadir etiqueta
Sen Etiquetas, Sexa o primeiro en etiquetar este rexistro!
|
MARC
| LEADER | 00000 a a2200000 04500 | ||
|---|---|---|---|
| 001 | 5921 | ||
| 003 | |||
| 040 | |||
| 245 | |a Implicaciones del aumento del IVA | ||
| 650 | |a IMPUESTO AL VALOR AGREGADO | ||
| 650 | |a DEFICIT FISCAL | ||
| 650 | |a POLITICA TRIBUTARIA | ||
| 650 | |a INFLACION | ||
| 650 | |a CONSUMO | ||
| 650 | |a EVASION TRIBUTARIA | ||
| 650 | |a CORRUPCION | ||
| 773 | |g volumen 15, número 647; páginas 8-10 | ||
| 999 | |c 26442 |d 26442 | ||
